Services and social and economic development in Czechoslovakia

Gespeichert in:
Bibliographische Detailangaben
1. Verfasser: Fronková, Viola
Weitere Verfasser: Michalová, Valéria
Format: Buchkapitel
Sprache:Englisch
Tags: Tag hinzufügen
Keine Tags, Fügen Sie das erste Tag hinzu!

MARC

LEADER 00000naa$a2200000$$$4500
001 0091144
005 20240502083232.0
041 0 |a eng 
044 |a CH 
245 1 0 |a Services and social and economic development in Czechoslovakia  |c Viola Fronková, Valéria Michalová 
100 1 |a Fronková, Viola 
700 1 |a Michalová, Valéria